Normal view
MARC view
Entry Personal Name
001 - CONTROL NUMBER
- control field: 168994
003 - CONTROL NUMBER IDENTIFIER
- control field:
005 - DATE AND TIME OF LATEST TRANSACTION
- control field: 20210601192927.0
008 - FIXED-LENGTH DATA ELEMENTS
- fixed length control field: 210601|| aca||aabn | a|a d
040 ## - CATALOGING SOURCE
- Original cataloging agency:
- Transcribing agency:
100 ## - HEADING--PERSONAL NAME
- Personal name: Knutsson, Sloen
670 ## - SOURCE DATA FOUND
- Source citation: Work cat.: (): International Symposium on Ground Freeling and Frost Action in Soils (1997 : Lulea, Sweden) 168990, Ground Freeling 97 :, 1997
